Online Catalogue and eLibrary

The reader's digest great encyclopaedic Dictionary : (Record no. 3276)

MARC details
000 -LEADER
fixed length control field 00292nam a2200097Ia 4500
008 - FIXED-LENGTH DATA ELEMENTS--GENERAL INFORMATION
fixed length control field 240331s9999 xx 000 0 und d
082 ## - DDC Classification
Item Number - Author Mark REA
100 ## - MAIN ENTRY--PERSONAL NAME
Personal name The reader's digest great encyclopaedic Dictionary. ed
245 #4 - TITLE STATEMENT
Title The reader's digest great encyclopaedic Dictionary :
Remainder of title vol. 2
942 ## - Koha item type (Biblio)
Koha item type Books in Stacks (Lending)
Holdings
Lost status Damaged status Collection code Home library Current library Shelving location Date acquired Full call number Accession Number Item type
    Lending WERC Library WERC Library Social Science Cupboard 03/31/2024 030 REA 3251 Books in Stacks (Lending)

© WERC Library